Biggest Countries by Population, but... #2 - Statistics

General Stats
  • This quiz has been taken 467 times
  • The average score is 23 of 30
Answer Stats
Population Country % Correct
67.5 mil United Kingdom
95%
271 mil Indonesia
94%
125 mil Japan
94%
5.15 mil New Zealand
89%
15.6 mil United States
88%
22.0 mil China
87%
111 mil Philippines
87%
11.1 mil Cuba
86%
5.01 mil Ireland
86%
26.9 mil Madagascar
86%
22.1 mil Sri Lanka
86%
2.96 mil France
85%
6.64 mil Malaysia
84%
4.16 mil Canada
83%
10.5 mil Dominican Republic
83%
11.7 mil Haiti
83%
25.5 mil India
82%
6.98 mil Italy
80%
9.12 mil Papua New Guinea
78%
3.39 mil Spain
78%
23.3 mil Taiwan
78%
3.52 mil Denmark
77%
1.67 mil Greece
73%
2.73 mil Jamaica
73%
1.35 mil Brazil
72%
5.45 mil Singapore
68%
1.50 mil Bahrain
53%
1.36 mil Trinidad and Tobago
50%
2.58 mil Bangladesh
44%
1.91 mil Tanzania
33%
No matching quizzes found
Score Distribution
Percent of People with Each Score
Percentile by Number Answered
Your Score History
You have not taken this quiz